[Event "Aleksandria Cup"]
[Site "?"]
[Date "2015.07.14"]
[Round "3.20"]
[White "Ghvamberia, Nika"]
[Black "Mgeladze, Tamaz"]
[Result "0-1"]
[LiveChessVersion "1.3.1"]
[BlackElo "2337"]
[WhiteElo "2133"]

1. e4 {[%clk 1:30:57]} c5 {[%clk 1:27:43]} 2. Nf3 {[%clk 1:31:22]} g6
{[%clk 1:28:10]} 3. d4 {[%clk 1:31:43]} cxd4 {[%clk 1:28:36]} 4. Nxd4
{[%clk 1:32:10]} Bg7 {[%clk 1:28:57]} 5. c4 {[%clk 1:32:31]} Nc6 {[%clk 1:29:13]}
6. Be3 {[%clk 1:32:56]} Nf6 {[%clk 1:29:18]} 7. Nc3 {[%clk 1:33:22]} d6
{[%clk 1:29:38]} 8. Be2 {[%clk 1:33:43]} O-O {[%clk 1:30:01]} 9. O-O
{[%clk 1:33:51]} Nxd4 {[%clk 1:30:13]} 10. Bxd4 {[%clk 1:33:59]} Bd7
{[%clk 1:30:34]} 11. Qd2 {[%clk 1:33:10]} Bc6 {[%clk 1:30:52]} 12. f3
{[%clk 1:33:36]} a5 {[%clk 1:31:19]} 13. Rab1 {[%clk 1:31:55]} Nd7
{[%clk 1:30:52]} 14. Be3 {[%clk 1:31:42]} Nc5 {[%clk 1:29:15]} 15. b3
{[%clk 1:26:38]} Be5 {[%clk 1:27:47]} 16. a3 {[%clk 1:16:43]} e6 {[%clk 1:27:35]}
17. b4 {[%clk 1:09:06]} axb4 {[%clk 1:27:44]} 18. axb4 {[%clk 1:09:25]} Qf6
{[%clk 1:19:30]} 19. Nd1 {[%clk 1:04:05]} Qh4 {[%clk 0:40:12]} 20. h3
{[%clk 0:49:44]} Qg3 {[%clk 0:37:33]} 21. Re1 {[%clk 0:48:09]} Bxe4
{[%clk 0:35:24]} 22. Nf2 {[%clk 0:40:11]} Bxb1 {[%clk 0:35:34]} 23. Rxb1
{[%clk 0:40:30]} Nd7 {[%clk 0:32:15]} 24. Ng4 {[%clk 0:39:14]} Qh4
{[%clk 0:25:35]} 25. Bg5 {[%clk 0:34:27]} Ra2 {[%clk 0:23:39]} 26. Qxa2
{[%clk 0:33:21]} Qxg5 {[%clk 0:24:04]} 27. Nxe5 {[%clk 0:29:29]} Qxe5
{[%clk 0:23:39]} 28. Rd1 {[%clk 0:29:24]} Nf6 {[%clk 0:22:47]} 29. Bf1
{[%clk 0:29:16]} d5 {[%clk 0:21:27]} 30. c5 {[%clk 0:27:55]} Qc3 {[%clk 0:20:34]}
31. Qa1 {[%clk 0:27:24]} Qe3+ {[%clk 0:19:39]} 32. Kh1 {[%clk 0:27:08]} Nh5
{[%clk 0:20:05]} 33. Qc1 {[%clk 0:26:53]} Qf2 {[%clk 0:15:56]} 34. Kh2
{[%clk 0:26:41]} Ra8 {[%clk 0:15:43]} 35. Qd2 {[%clk 0:26:12]} Qg3+
{[%clk 0:15:32]} 36. Kh1 {[%clk 0:26:30]} Qh4 {[%clk 0:15:07]} 37. b5
{[%clk 0:26:15]} Ng3+ {[%clk 0:15:02]} 38. Kg1 {[%clk 0:26:13]} Nxf1
{[%clk 0:15:20]} 39. Rxf1 {[%clk 0:26:09]} Qc4 {[%clk 0:15:46]} 0-1

[Event "Aleksandria Cup"]
[Site "?"]
[Date "2015.07.15"]
[Round "4.1"]
[White "Baghdasaryen, Vahe"]
[Black "Baklan, Vladimir"]
[Result "1-0"]
[LiveChessVersion "1.3.1"]
[BlackElo "2619"]
[WhiteElo "2401"]

1. e4 {[%clk 1:26:33]} e6 {[%clk 1:30:57]} 2. d4 {[%clk 1:26:57]} d5
{[%clk 1:31:23]} 3. Nc3 {[%clk 1:27:23]} Nf6 {[%clk 1:31:46]} 4. Bg5
{[%clk 1:27:41]} Be7 {[%clk 1:31:15]} 5. e5 {[%clk 1:27:53]} Nfd7
{[%clk 1:31:41]} 6. h4 {[%clk 1:27:15]} h6 {[%clk 1:32:05]} 7. Bxe7
{[%clk 1:22:48]} Qxe7 {[%clk 1:32:30]} 8. f4 {[%clk 1:00:19]} O-O
{[%clk 1:29:16]} 9. Nf3 {[%clk 0:48:37]} c5 {[%clk 0:58:17]} 10. Nb5 Nc6
{[%clk 0:58:11]} 11. c3 {[%clk 0:44:13]} f6 {[%clk 0:48:18]} 12. Nd6 fxe5 13.
fxe5 {[%clk 0:33:53]} cxd4 {[%clk 0:48:34]} 14. cxd4 {[%clk 0:33:49]} Ndxe5
{[%clk 0:45:20]} 15. dxe5 {[%clk 0:33:47]} Nxe5 {[%clk 0:45:47]} 16. Nxc8
{[%clk 0:25:59]} Nxf3+ {[%clk 0:40:23]} 17. gxf3 {[%clk 0:26:05]} Raxc8
{[%clk 0:40:50]} 18. Be2 {[%clk 0:25:52]} Rf4 {[%clk 0:37:34]} 19. Rc1
{[%clk 0:23:41]} Qb4+ {[%clk 0:32:35]} 20. Kf1 {[%clk 0:14:34]} Rcf8
{[%clk 0:31:54]} 21. Rg1 {[%clk 0:11:30]} Qxb2 {[%clk 0:22:35]} 22. Rc7
{[%clk 0:11:38]} R4f7 {[%clk 0:23:01]} 23. Rxf7 {[%clk 0:12:04]} Rxf7
{[%clk 0:23:26]} 24. Qa4 {[%clk 0:12:27]} Qc1+ {[%clk 0:17:02]} 25. Kg2
{[%clk 0:12:24]} Qe3 {[%clk 0:17:27]} 26. Bd1 {[%clk 0:12:49]} d4
{[%clk 0:16:56]} 27. Qe8+ {[%clk 0:10:52]} Rf8 {[%clk 0:17:15]} 28. Qd7
{[%clk 0:07:10]} Rf6 {[%clk 0:15:31]} 29. Kh1 {[%clk 0:05:37]} Rf7
{[%clk 0:14:48]} 30. Qc8+ {[%clk 0:02:02]} Rf8 {[%clk 0:09:51]} 31. Qxb7
{[%clk 0:02:22]} Qe5 {[%clk 0:10:16]} 32. Bc2 {[%clk 0:02:03]} Qf6
{[%clk 0:09:16]} 33. Rg3 {[%clk 0:01:30]} Qe5 {[%clk 0:08:57]} 34. Kh2
{[%clk 0:00:46]} a5 {[%clk 0:04:13]} 35. Qe4 {[%clk 0:00:59]} Qf6
{[%clk 0:03:52]} 36. Kg2 {[%clk 0:00:53]} Rd8 {[%clk 0:04:02]} 37. Rg6
{[%clk 0:00:48]} Qf5 {[%clk 0:03:33]} 38. Qxe6+ {[%clk 0:00:48]} Qxe6
{[%clk 0:03:54]} 39. Rxe6 {[%clk 0:01:15]} d3 {[%clk 0:04:21]} 40. Bb3
{[%clk 0:31:42]} Kf8 {[%clk 0:34:38]} 41. Re1 {[%clk 0:31:49]} Rd4
{[%clk 0:34:53]} 42. Re4 {[%clk 0:31:36]} 1-0

[Event "Aleksandria Cup"]
[Site "?"]
[Date "2015.07.15"]
[Round "4.2"]
[White "Vardanian, Haik G."]
[Black "Jobava, Baadur"]
[Result "1-0"]
[LiveChessVersion "1.3.1"]
[BlackElo "2693"]
[WhiteElo "2301"]

1. c4 {[%clk 1:30:23]} e5 {[%clk 1:23:54]} 2. Nc3 {[%clk 1:30:28]} Bb4
{[%clk 1:23:40]} 3. Nd5 {[%clk 1:30:44]} a5 {[%clk 1:23:08]} 4. Nxb4
{[%clk 1:28:24]} axb4 {[%clk 1:23:30]} 5. d4 {[%clk 1:28:36]} exd4
{[%clk 1:22:32]} 6. Qxd4 {[%clk 1:27:57]} Qf6 {[%clk 1:22:35]} 7. Nf3
{[%clk 1:21:35]} Nc6 {[%clk 1:11:56]} 8. Qxf6 {[%clk 1:20:08]} Nxf6
{[%clk 1:12:19]} 9. b3 {[%clk 1:20:27]} d6 {[%clk 0:56:29]} 10. Bb2
{[%clk 1:17:53]} O-O {[%clk 0:53:47]} 11. e3 {[%clk 1:14:27]} Bf5
{[%clk 0:53:00]} 12. Bxf6 {[%clk 0:54:01]} gxf6 {[%clk 0:47:46]} 13. Kd2
{[%clk 0:53:43]} Ra3 {[%clk 0:47:13]} 14. Kc1 {[%clk 0:53:20]} Be4
{[%clk 0:43:32]} 15. Kb2 {[%clk 0:49:26]} Ne5 {[%clk 0:35:03]} 16. Nd4
{[%clk 0:42:52]} c5 {[%clk 0:31:24]} 17. Nb5 {[%clk 0:42:18]} Ra6
{[%clk 0:31:07]} 18. Be2 {[%clk 0:32:21]} Bd3 {[%clk 0:31:31]} 19. Rhe1
{[%clk 0:31:40]} d5 {[%clk 0:31:58]} 20. Nc7 {[%clk 0:23:46]} dxc4
{[%clk 0:32:15]} 21. Nxa6 {[%clk 0:23:59]} c3+ {[%clk 0:30:15]} 22. Kc1
{[%clk 0:23:35]} bxa6 {[%clk 0:29:38]} 23. f4 {[%clk 0:20:57]} Bxe2
{[%clk 0:27:51]} 24. Rxe2 {[%clk 0:20:40]} Nc6 {[%clk 0:24:52]} 25. Kc2
{[%clk 0:19:58]} Re8 {[%clk 0:22:16]} 26. Ree1 {[%clk 0:19:21]} a5
{[%clk 0:09:27]} 27. a3 {[%clk 0:18:32]} f5 {[%clk 0:07:59]} 28. Kd3
{[%clk 0:17:01]} Re4 {[%clk 0:04:36]} 29. g4 {[%clk 0:15:51]} c4+
{[%clk 0:05:01]} 30. bxc4 {[%clk 0:16:14]} Re6 {[%clk 0:05:15]} 31. axb4
{[%clk 0:14:46]} axb4 {[%clk 0:05:42]} 32. gxf5 {[%clk 0:09:34]} Rd6+
{[%clk 0:06:08]} 33. Kc2 {[%clk 0:09:48]} Rd2+ {[%clk 0:06:32]} 34. Kb3
{[%clk 0:10:07]} Rxh2 {[%clk 0:05:07]} 35. f6 {[%clk 0:08:30]} h5
{[%clk 0:04:58]} 36. c5 {[%clk 0:08:17]} Kh7 {[%clk 0:04:54]} 37. Rg1
{[%clk 0:07:30]} Rb2+ {[%clk 0:03:36]} 38. Kc4 {[%clk 0:07:07]} Rd2
{[%clk 0:01:25]} 39. Ra8 {[%clk 0:05:30]} Nd8 {[%clk 0:01:52]} 40. Kxb4
{[%clk 0:34:47]} c2 {[%clk 0:32:18]} 41. Kc3 {[%clk 0:34:28]} Rg2
{[%clk 0:32:35]} 42. Rc1 {[%clk 0:33:57]} Ne6 {[%clk 0:33:01]} 43. Rxc2
{[%clk 0:28:36]} 1-0

[Event "Aleksandria Cup"]
[Site "?"]
[Date "2015.07.15"]
[Round "4.3"]
[White "Zubov, Alexander"]
[Black "Petrosyan, Manuel"]
[Result "1-0"]
[LiveChessVersion "1.3.1"]
[BlackElo "2449"]
[WhiteElo "2615"]

1. Nf3 {[%clk 1:29:24]} Nf6 {[%clk 1:30:25]} 2. c4 {[%clk 1:29:22]} b6
{[%clk 1:27:34]} 3. d4 {[%clk 1:22:23]} e6 {[%clk 1:26:15]} 4. Nc3
{[%clk 1:22:43]} Bb7 {[%clk 1:23:47]} 5. Bg5 {[%clk 1:22:52]} Bb4
{[%clk 1:23:03]} 6. Nd2 {[%clk 1:22:14]} h6 {[%clk 1:20:56]} 7. Bh4
{[%clk 1:22:39]} O-O {[%clk 1:20:50]} 8. e3 {[%clk 1:14:32]} c5 {[%clk 1:11:35]}
9. a3 {[%clk 1:11:42]} Ba5 {[%clk 1:07:14]} 10. Bd3 {[%clk 1:10:20]} d5
{[%clk 0:45:09]} 11. O-O {[%clk 1:06:43]} cxd4 {[%clk 0:42:23]} 12. exd4
{[%clk 1:06:33]} Bxc3 {[%clk 0:42:49]} 13. bxc3 {[%clk 1:06:46]} Nbd7
{[%clk 0:43:11]} 14. cxd5 {[%clk 1:00:28]} exd5 {[%clk 0:43:31]} 15. a4
{[%clk 0:56:32]} Qc8 {[%clk 0:41:41]} 16. Rc1 {[%clk 0:48:49]} Ba6
{[%clk 0:41:39]} 17. c4 {[%clk 0:49:13]} Qb7 {[%clk 0:37:44]} 18. Be2
{[%clk 0:45:17]} Rac8 {[%clk 0:32:46]} 19. Bf3 {[%clk 0:40:19]} Qb8
{[%clk 0:32:55]} 20. Bg3 {[%clk 0:38:10]} Qa8 {[%clk 0:33:21]} 21. Re1
{[%clk 0:36:55]} Bb7 {[%clk 0:33:03]} 22. Bd6 {[%clk 0:34:39]} Rfe8
{[%clk 0:33:01]} 23. c5 {[%clk 0:34:39]} Rxe1+ {[%clk 0:31:10]} 24. Qxe1
{[%clk 0:35:04]} bxc5 {[%clk 0:31:37]} 25. dxc5 {[%clk 0:35:06]} d4
{[%clk 0:31:19]} 26. Qd1 {[%clk 0:31:22]} Bxf3 {[%clk 0:13:37]} 27. Nxf3
{[%clk 0:31:11]} Ne4 {[%clk 0:13:52]} 28. Qxd4 {[%clk 0:27:15]} Nxd6
{[%clk 0:07:58]} 29. Qxd6 {[%clk 0:27:04]} Qc6 {[%clk 0:08:18]} 30. Qd4
{[%clk 0:24:26]} Nxc5 {[%clk 0:07:58]} 31. h4 {[%clk 0:23:30]} Qb6
{[%clk 0:03:12]} 32. Ne5 {[%clk 0:19:59]} Rc7 {[%clk 0:03:40]} 33. Qd8+ Kh7 34.
a5 {[%clk 0:19:02]} Qb7 {[%clk 0:02:48]} 35. Qd6 {[%clk 0:08:48]} Ne6
{[%clk 0:03:02]} 36. Rxc7 {[%clk 0:08:01]} Qxc7 {[%clk 0:03:31]} 37. Qxc7
{[%clk 0:08:18]} Nxc7 {[%clk 0:04:01]} 38. Nxf7 {[%clk 0:08:45]} Kg6
{[%clk 0:03:58]} 39. Nd8 {[%clk 0:05:57]} Kf6 {[%clk 0:01:59]} 40. Kh2
{[%clk 0:35:22]} a6 {[%clk 0:31:41]} 41. g4 {[%clk 0:30:47]} Ke7 {[%clk 0:29:12]}
42. Nc6+ {[%clk 0:25:03]} Kd6 {[%clk 0:28:09]} 43. Nb8 {[%clk 0:25:30]} g5
{[%clk 0:11:27]} 44. h5 {[%clk 0:21:25]} Ke6 {[%clk 0:00:44]} 45. Kg3
{[%clk 0:20:27]} Ke5 {[%clk 0:01:13]} 46. Nc6+ {[%clk 0:19:53]} Kd5
{[%clk 0:00:35]} 47. Ne7+ {[%clk 0:20:14]} Kc5 {[%clk 0:01:03]} 48. Nf5
{[%clk 0:20:25]} Ne6 {[%clk 0:00:47]} 49. Nxh6 {[%clk 0:20:45]} Kb5
{[%clk 0:01:16]} 50. Nf7 Kxa5 51. h6 {[%clk 0:20:01]} Nf8 {[%clk 0:02:15]} 52.
Nxg5 {[%clk 0:20:00]} Kb4 {[%clk 0:02:44]} 53. Ne6 {[%clk 0:19:59]} Ng6
{[%clk 0:02:33]} 54. Nf4 {[%clk 0:18:47]} 1-0

[Event "Aleksandria Cup"]
[Site "?"]
[Date "2015.07.15"]
[Round "4.4"]
[White "Firouzja, Alireza"]
[Black "Paichadze, Luka"]
[Result "1/2-1/2"]
[LiveChessVersion "1.3.1"]
[BlackElo "2566"]
[WhiteElo "2277"]

1. e4 {[%clk 1:30:57]} c6 {[%clk 1:25:10]} 2. d4 {[%clk 1:31:16]} d5
{[%clk 1:25:17]} 3. Nd2 {[%clk 1:31:40]} g6 {[%clk 1:25:04]} 4. Ngf3
{[%clk 1:31:26]} Bg7 {[%clk 1:25:20]} 5. c3 {[%clk 1:31:48]} Nh6 {[%clk 1:25:17]}
6. Bd3 {[%clk 1:31:45]} O-O {[%clk 1:25:36]} 7. O-O {[%clk 1:32:01]} f6
{[%clk 1:25:43]} 8. Qe2 {[%clk 1:29:09]} Nf7 {[%clk 1:25:16]} 9. h3
{[%clk 1:27:32]} e5 {[%clk 1:13:08]} 10. dxe5 {[%clk 1:26:50]} fxe5
{[%clk 1:13:33]} 11. Re1 {[%clk 1:25:11]} Be6 {[%clk 1:08:54]} 12. Nf1
{[%clk 1:22:07]} Nd7 {[%clk 1:02:33]} 13. Ng3 {[%clk 1:13:57]} d4
{[%clk 0:59:03]} 14. Rd1 {[%clk 1:04:18]} c5 {[%clk 0:57:16]} 15. Bc4
{[%clk 1:03:26]} Qe7 {[%clk 0:55:57]} 16. Bd5 {[%clk 0:56:28]} Rab8
{[%clk 0:53:56]} 17. a4 {[%clk 0:53:01]} h6 {[%clk 0:48:02]} 18. b4
{[%clk 0:44:02]} Bxd5 {[%clk 0:39:58]} 19. exd5 {[%clk 0:42:44]} Rfe8
{[%clk 0:36:53]} 20. bxc5 {[%clk 0:37:40]} Qxc5 {[%clk 0:31:11]} 21. cxd4
{[%clk 0:31:35]} exd4 {[%clk 0:31:34]} 22. Qb5 {[%clk 0:31:54]} Qxb5
{[%clk 0:19:33]} 23. axb5 {[%clk 0:32:16]} Nd6 {[%clk 0:18:33]} 24. Bb2
{[%clk 0:29:17]} Nxb5 {[%clk 0:18:36]} 25. Nxd4 {[%clk 0:29:40]} a6
{[%clk 0:18:21]} 26. Ra2 {[%clk 0:29:10]} Bxd4 {[%clk 0:14:08]} 27. Bxd4
{[%clk 0:29:35]} Nxd4 {[%clk 0:13:14]} 28. Rxd4 {[%clk 0:30:00]} Nf6
{[%clk 0:13:24]} 29. Nf1 {[%clk 0:27:59]} Re1 {[%clk 0:12:09]} 30. f3
{[%clk 0:26:34]} Re5 {[%clk 0:12:33]} 31. d6 {[%clk 0:26:28]} Rd8
{[%clk 0:10:26]} 32. Rb2 {[%clk 0:24:41]} Rd7 {[%clk 0:10:21]} 33. Nd2
{[%clk 0:25:01]} Re6 {[%clk 0:08:33]} 34. Rb6 {[%clk 0:25:09]} Re5
{[%clk 0:06:24]} 35. Rdb4 {[%clk 0:24:43]} Nd5 {[%clk 0:02:04]} 36. Rxb7
{[%clk 0:25:07]} Rxd6 {[%clk 0:02:30]} 37. Rd4 {[%clk 0:21:31]} Rde6
{[%clk 0:02:45]} 1/2-1/2

[Event "Aleksandria Cup"]
[Site "?"]
[Date "2015.07.15"]
[Round "4.5"]
[White "Bortnyk, Olexander"]
[Black "Shahinyan, David"]
[Result "0-1"]
[LiveChessVersion "1.3.1"]
[BlackElo "2451"]
[WhiteElo "2550"]

1. d4 {[%clk 1:30:51]} e6 {[%clk 1:30:39]} 2. Nc3 {[%clk 1:31:13]} d5
{[%clk 1:29:56]} 3. Bf4 {[%clk 1:30:39]} Nf6 {[%clk 1:26:23]} 4. Nb5
{[%clk 1:31:00]} Na6 {[%clk 1:25:08]} 5. e3 {[%clk 1:31:09]} c6 {[%clk 1:22:11]}
6. Nc3 {[%clk 1:31:23]} b6 {[%clk 1:07:35]} 7. Nf3 {[%clk 1:27:38]} Bb7
{[%clk 1:00:27]} 8. Ne5 {[%clk 1:26:39]} Nb8 {[%clk 0:59:03]} 9. Bd3
{[%clk 1:21:38]} Nbd7 {[%clk 0:50:33]} 10. Qf3 {[%clk 1:16:57]} Nxe5
{[%clk 0:45:32]} 11. Bxe5 {[%clk 1:17:15]} Nd7 {[%clk 0:39:45]} 12. Bf4
{[%clk 1:16:33]} g5 {[%clk 0:32:57]} 13. Bg3 {[%clk 1:15:26]} h5 {[%clk 0:33:22]}
14. h4 {[%clk 1:15:13]} g4 {[%clk 0:33:07]} 15. Qe2 {[%clk 1:15:11]} f5
{[%clk 0:17:35]} 16. f3 {[%clk 1:14:05]} Qf6 {[%clk 0:17:33]} 17. e4
{[%clk 1:02:24]} f4 {[%clk 0:15:46]} 18. exd5 {[%clk 0:59:00]} cxd5
{[%clk 0:15:13]} 19. Bf2 {[%clk 0:57:35]} g3 {[%clk 0:15:05]} 20. Bg1
{[%clk 0:57:59]} Bb4 {[%clk 0:13:23]} 21. O-O-O {[%clk 0:57:41]} Bxc3
{[%clk 0:12:45]} 22. bxc3 {[%clk 0:57:59]} Rc8 {[%clk 0:11:31]} 23. Kb2
{[%clk 0:57:08]} Kf7 {[%clk 0:10:28]} 24. Re1 {[%clk 0:53:40]} Rc7
{[%clk 0:09:41]} 25. Qd2 {[%clk 0:54:04]} Rhc8 {[%clk 0:06:43]} 26. Re5
{[%clk 0:54:13]} Rxc3 {[%clk 0:06:40]} 27. Rxh5 {[%clk 0:53:38]} Nc5
{[%clk 0:07:03]} 28. Bb5 {[%clk 0:51:43]} Nb3 {[%clk 0:01:12]} 29. Qxc3
{[%clk 0:49:10]} Rxc3 {[%clk 0:01:39]} 30. Kxc3 {[%clk 0:49:23]} Na5
{[%clk 0:01:39]} 31. Bd3 {[%clk 0:48:31]} Ke8 {[%clk 0:01:46]} 32. a3
{[%clk 0:46:03]} Nc4 {[%clk 0:00:46]} 33. Rh7 {[%clk 0:42:16]} Qf8
{[%clk 0:00:53]} 34. Bxc4 {[%clk 0:42:26]} dxc4 {[%clk 0:01:22]} 35. Rxb7
{[%clk 0:41:02]} Qxa3+ {[%clk 0:01:48]} 36. Kxc4 {[%clk 0:41:05]} Qa6+
{[%clk 0:01:50]} 37. Kc3 {[%clk 0:41:29]} Qxb7 {[%clk 0:02:16]} 38. h5
{[%clk 0:41:54]} Kf7 {[%clk 0:01:35]} 39. h6 {[%clk 0:42:18]} Kg8
{[%clk 0:01:51]} 40. h7+ {[%clk 1:12:43]} Kh8 {[%clk 0:32:18]} 41. Rh5
{[%clk 1:05:07]} Qa6 {[%clk 0:29:37]} 42. Rh1 {[%clk 0:59:35]} Qa1+
{[%clk 0:26:21]} 43. Kb3 {[%clk 0:59:24]} Qf1 {[%clk 0:25:31]} 44. d5
{[%clk 0:59:17]} e5 {[%clk 0:25:15]} 45. d6 {[%clk 0:58:31]} Qb5+
{[%clk 0:24:44]} 46. Ka3 {[%clk 0:58:42]} Qa5+ {[%clk 0:24:32]} 47. Kb2
{[%clk 0:58:29]} Qb4+ {[%clk 0:24:52]} 48. Kc1 {[%clk 0:58:46]} Qxd6
{[%clk 0:24:47]} 49. Rh5 {[%clk 0:59:10]} Qa3+ {[%clk 0:25:13]} 50. Kd2
{[%clk 0:59:21]} Qa1 {[%clk 0:25:37]} 0-1

[Event "Aleksandria Cup"]
[Site "?"]
[Date "2015.07.15"]
[Round "4.6"]
[White "Maghalashvili, Davit"]
[Black "Poghosyan, Suren"]
[Result "1-0"]
[LiveChessVersion "1.3.1"]
[BlackElo "2273"]
[WhiteElo "2515"]

1. Nf3 {[%clk 1:25:15]} Nf6 {[%clk 1:30:14]} 2. g3 {[%clk 1:25:16]} c5
{[%clk 1:28:55]} 3. c4 {[%clk 1:25:35]} Nc6 {[%clk 1:28:48]} 4. Bg2
{[%clk 1:25:50]} d5 {[%clk 1:28:57]} 5. cxd5 Nxd5 6. Nc3 {[%clk 1:26:14]} Nc7
{[%clk 1:29:23]} 7. O-O e5 8. a3 {[%clk 1:25:51]} f6 {[%clk 1:27:02]} 9. d3
{[%clk 1:25:05]} Be7 {[%clk 1:26:50]} 10. Be3 {[%clk 1:25:29]} O-O
{[%clk 1:26:23]} 11. Rc1 {[%clk 1:25:47]} Ne6 {[%clk 1:10:26]} 12. Nd2
{[%clk 1:21:45]} Ncd4 {[%clk 1:08:25]} 13. Nd5 {[%clk 1:15:28]} Rb8 14. b4
{[%clk 1:14:36]} b6 {[%clk 1:02:52]} 15. Bxd4 Nxd4 16. e3 {[%clk 1:10:00]} Ne6
{[%clk 0:56:42]} 17. Nxe7+ {[%clk 1:01:46]} Qxe7 {[%clk 0:56:51]} 18. bxc5
{[%clk 1:02:15]} bxc5 {[%clk 0:54:47]} 19. Qa4 {[%clk 0:58:57]} a6
{[%clk 0:37:15]} 20. Rb1 {[%clk 0:50:44]} Rxb1 {[%clk 0:29:01]} 21. Rxb1
{[%clk 0:48:43]} Qd6 {[%clk 0:29:07]} 22. Qc4 {[%clk 0:48:01]} a5
{[%clk 0:18:37]} 23. Ne4 {[%clk 0:44:46]} Qe7 {[%clk 0:17:36]} 24. Rb8
{[%clk 0:29:33]} Kh8 {[%clk 0:12:49]} 25. Bh3 {[%clk 0:25:05]} Bd7
{[%clk 0:11:25]} 26. Rxf8+ {[%clk 0:24:46]} Nxf8 {[%clk 0:11:48]} 27. Bxd7
{[%clk 0:25:13]} Nxd7 {[%clk 0:12:12]} 28. Qa6 {[%clk 0:25:11]} h5
{[%clk 0:05:45]} 29. h4 {[%clk 0:24:11]} Qd8 {[%clk 0:05:12]} 30. Qd6
{[%clk 0:24:09]} Qe8 {[%clk 0:03:11]} 31. Qc7 {[%clk 0:23:58]} Qe6
{[%clk 0:03:21]} 32. Qxa5 {[%clk 0:22:21]} c4 {[%clk 0:02:59]} 33. dxc4
{[%clk 0:21:49]} Qxc4 {[%clk 0:03:20]} 34. Qb4 {[%clk 0:20:39]} Qc1+
{[%clk 0:02:48]} 35. Kh2 {[%clk 0:17:28]} Qc2 {[%clk 0:03:06]} 36. Qd2
{[%clk 0:15:30]} Qxe4 {[%clk 0:02:56]} 37. Qxd7 {[%clk 0:15:56]} Kh7
{[%clk 0:03:11]} 38. a4 {[%clk 0:15:09]} Qc2 {[%clk 0:03:26]} 39. Kg2
{[%clk 0:14:07]} Qe4+ {[%clk 0:03:43]} 40. Kf1 {[%clk 0:44:02]} Qb1+
{[%clk 0:31:50]} 41. Ke2 {[%clk 0:43:20]} e4 42. Qd1 {[%clk 0:41:11]} Qa2+
{[%clk 0:18:23]} 43. Kf1 {[%clk 0:41:28]} Kh6 {[%clk 0:15:42]} 44. Qd4
{[%clk 0:40:54]} Qe6 {[%clk 0:15:06]} 45. Kg2 {[%clk 0:37:35]} Qf5
{[%clk 0:12:29]} 46. Qd6 {[%clk 0:37:15]} Kh7 {[%clk 0:11:01]} 47. Qd8
{[%clk 0:33:15]} g5 {[%clk 0:07:55]} 48. hxg5 {[%clk 0:33:31]} fxg5
{[%clk 0:08:20]} 49. a5 {[%clk 0:29:30]} h4 {[%clk 0:08:13]} 50. Qc7+
{[%clk 0:29:29]} Kg6 {[%clk 0:06:30]} 51. gxh4 {[%clk 0:29:43]} gxh4
{[%clk 0:04:38]} 52. a6 {[%clk 0:27:36]} Qf3+ {[%clk 0:01:13]} 53. Kg1
{[%clk 0:27:52]} Qd1+ {[%clk 0:01:08]} 54. Kh2 {[%clk 0:28:15]} Qe2
{[%clk 0:01:28]} 55. Qd6+ {[%clk 0:28:14]} Kg7 {[%clk 0:01:27]} 56. Qe7+
{[%clk 0:28:29]} Kg8 {[%clk 0:01:56]} 57. Qg5+ {[%clk 0:28:26]} Kf7
{[%clk 0:02:16]} 58. Qf4+ {[%clk 0:28:33]} 1-0

[Event "Aleksandria Cup"]
[Site "?"]
[Date "2015.07.15"]
[Round "4.7"]
[White "Kostenko, Petr"]
[Black "Guseynov, Alihan"]
[Result "1/2-1/2"]
[LiveChessVersion "1.3.1"]
[BlackElo "2255"]
[WhiteElo "2457"]

1. c4 {[%clk 1:30:54]} g6 {[%clk 1:30:07]} 2. Nf3 {[%clk 1:30:38]} Bg7
{[%clk 1:30:26]} 3. Nc3 {[%clk 1:30:21]} c5 {[%clk 1:29:57]} 4. g3
{[%clk 1:30:44]} Nc6 {[%clk 1:30:02]} 5. Bg2 {[%clk 1:30:26]} e6 {[%clk 1:30:12]}
6. d3 {[%clk 1:30:45]} Nge7 {[%clk 1:30:37]} 7. Bg5 {[%clk 1:31:05]} h6
{[%clk 1:30:30]} 8. Bd2 {[%clk 1:31:31]} O-O {[%clk 1:30:54]} 9. a3
{[%clk 1:31:51]} d5 {[%clk 1:28:00]} 10. Rb1 {[%clk 1:31:56]} a5 {[%clk 1:25:31]}
11. Na4 {[%clk 1:25:30]} b6 {[%clk 1:21:19]} 12. Qb3 {[%clk 1:25:30]} Rb8
{[%clk 1:19:32]} 13. O-O {[%clk 1:24:48]} Ba6 {[%clk 1:05:19]} 14. Rfc1
{[%clk 1:20:46]} Nf5 {[%clk 1:00:58]} 15. e3 {[%clk 1:11:36]} dxc4
{[%clk 0:56:42]} 16. dxc4 {[%clk 1:11:59]} Nd6 {[%clk 0:56:37]} 17. Be1
{[%clk 1:11:27]} Qc7 {[%clk 0:51:09]} 18. Nd2 {[%clk 1:07:33]} Rfd8
{[%clk 0:48:59]} 19. h3 {[%clk 1:03:57]} Nf5 {[%clk 0:41:43]} 20. Nf3
{[%clk 0:56:56]} Nd6 {[%clk 0:33:39]} 21. Bf1 {[%clk 0:56:42]} Ne5
{[%clk 0:29:12]} 22. Nxe5 {[%clk 0:56:36]} Bxe5 {[%clk 0:29:40]} 23. Bg2
{[%clk 0:54:49]} Bxc4 {[%clk 0:26:23]} 24. Rxc4 {[%clk 0:52:23]} Nxc4
{[%clk 0:25:10]} 25. Qxc4 {[%clk 0:52:47]} b5 {[%clk 0:25:12]} 26. Qxc5
{[%clk 0:46:17]} bxa4 {[%clk 0:25:25]} 27. Qxc7 {[%clk 0:45:10]} Bxc7
{[%clk 0:25:52]} 28. Bc3 {[%clk 0:45:34]} Bd6 {[%clk 0:22:43]} 29. Ra1
{[%clk 0:43:56]} Rdc8 {[%clk 0:17:35]} 30. Bf3 {[%clk 0:42:00]} Bf8
{[%clk 0:16:23]} 31. e4 {[%clk 0:40:12]} Bc5 {[%clk 0:08:24]} 32. Bd1
{[%clk 0:40:02]} Rd8 {[%clk 0:08:28]} 33. Bxa4 {[%clk 0:40:14]} Bd4
{[%clk 0:08:21]} 34. Bxa5 {[%clk 0:39:51]} Bxb2 {[%clk 0:08:33]} 35. Ra2
{[%clk 0:38:16]} Rd4 {[%clk 0:05:29]} 36. Bc2 {[%clk 0:38:36]} Rc4
{[%clk 0:05:43]} 37. Bd3 {[%clk 0:38:56]} Rc1+ {[%clk 0:06:04]} 38. Kg2
{[%clk 0:39:23]} Rb3 {[%clk 0:06:14]} 39. Bd2 {[%clk 0:33:39]} Ra1
{[%clk 0:01:23]} 40. Rxa1 {[%clk 1:04:04]} Bxa1 {[%clk 0:31:49]} 41. Bc4
{[%clk 1:04:12]} Rxa3 {[%clk 0:30:40]} 42. Bxh6 {[%clk 1:03:29]} Ra4
{[%clk 0:29:04]} 43. Bd3 {[%clk 1:02:44]} Bd4 {[%clk 0:29:29]} 44. Be2
{[%clk 0:53:49]} Bg7 {[%clk 0:22:21]} 45. Bxg7 {[%clk 0:53:42]} Kxg7
{[%clk 0:22:50]} 46. f3 {[%clk 0:47:39]} Kf6 {[%clk 0:23:11]} 47. Kf2
{[%clk 0:48:04]} Ra3 {[%clk 0:17:58]} 48. f4 {[%clk 0:48:29]} e5 {[%clk 0:18:23]}
49. Bg4 {[%clk 0:48:29]} Ke7 {[%clk 0:16:41]} 50. h4 {[%clk 0:44:50]} Ra5
{[%clk 0:13:03]} 51. f5 {[%clk 0:44:38]} Ra2+ {[%clk 0:11:05]} 52. Kf3
{[%clk 0:44:58]} Rh2 {[%clk 0:11:30]} 53. fxg6 {[%clk 0:44:58]} fxg6
{[%clk 0:11:55]} 54. Bc8 {[%clk 0:45:09]} Rc2 {[%clk 0:10:25]} 55. Bb7
{[%clk 0:45:15]} 1/2-1/2